000 00576nam a22002057a 4500
005 20220922104817.0
008 220922b ||||| |||| 00| 0 eng d
020 _a9789382976844
040 _aIN-DiNC
_cIN-DiNC
041 _dasm
082 _a303.44
_bSAI
100 _aSaikia, Kabyashree
_eauthor
245 _aUnnayanar punarchintan/
_cby Kabyashree Saikia and Bijumoni Borah
250 _a2nd. ed.
260 _aGolaghat:
_bSaraswati prakashan,
_c2022
300 _a152p.
650 _aRethinking development
700 _aBorah, Bijumoni
_eauthor
942 _2ddc
_cBK
999 _c11390
_d11390